000 00987nam a2200313 i 4500
001 000017797
003 DO-SdBNP
005 20250211072731.0
007 ta
008 100406s1946 dr 000 0 spa d
040 _aDO-SdBNP
_bspa
_cBNPHU
_erda
041 _hspa
082 _aRD863.42
_bT853n
_222
100 1 _aTroncoso de la Concha, M. de J.
_eautor
_914532
245 1 0 _aNarraciones Dominicanas /
_cM. de J. Troncoso de la Concha.
264 _aSantiago de los Caballeros :
_bEl diario,
_c1946.
300 _a265 páginas ;
_c25 cm.
336 _ardacontent
_btexto
_2txt
337 _ardamedia
_bsin mediación
_2n
338 _ardacarrier
_bvolumen
_2nc
490 1 _aBiblioteca Dominicana
_v2
500 _aIncluye notas al pie de las páginas
590 _aInventariado, 2024 / DG
650 4 _aCuentos dominicanos
_xLiteratura dominicana
_986770
650 4 _aLiteratura dominicana
830 0 _aBiblioteca Dominicana
_v2
_923810
910 _aDG
942 _2ddc
_cLBS1
999 _c17322
_d17322